Blood on the Clocktower Minions - Statistics

General Stats
  • This quiz has been taken 17 times
    9 since last reset
  • The average score is 20 of 26
Answer Stats
Answer % Correct
Assassin
100%
Baron
100%
Devil's Advocate
100%
Godfather
100%
Poisoner
100%
Scarlet Woman
100%
Boomdandy
88%
Cerenovus
88%
Pit-Hag
88%
Spy
88%
Witch
88%
Boffin
75%
Mastermind
75%
Organ Grinder
75%
Wizard
75%
Xaan
75%
Evil Twin
63%
Harpy
63%
Marionette
63%
Mezepheles
63%
Psychopath
63%
Widow
63%
Goblin
50%
Fearmonger
38%
Summoner
38%
Vizier
38%
No matching quizzes found
Score Distribution
Percent of People with Each Score
Percentile by Number Answered
Your Score History
You have not taken this quiz since the last reset